Escalação do Cruzeiro na final da Copa do Brasil de 2018 - Statistics

Estatísticas Gerais
  • Esse quiz foi jogado 104 vezes
  • A pontuação média é 10 de 14
Estatísticas das Respostas
Situação Posição Camisa Jogador % Correto
Titular Goleiro 1 Fábio
100%
Titular Zagueiro 26 Dedé
91%
Titular Meia 30 Thiago Neves
90%
Titular Lateral 6 Egídio
86%
Titular Zagueiro 3 Léo
84%
Titular Meia 19 Robinho
84%
Titular Volante 8 Henrique
81%
Titular Atacante 28 Barcos
74%
Titular Lateral 22 Edílson
72%
Reserva Atacante 17 Raniel
63%
Titular Meia 18 Rafinha
56%
Titular Volante 5 Ariel Cabral
54%
Reserva Atacante 7 Rafael Sóbis
48%
Reserva Atacante 11 David
32%
Nenhum quiz correspondente encontrado
Distribuição das Pontuações
Porcentagem de Pessoas com Cada Pontuação
Percentil de Números Respondidos
Sua Pontuação Histórica
Você não jogou esse quiz